Ratu yang berani (Record no. 124563)

MARC details
000 -LEADER
fixed length control field 00767nam a2200265 i 4500
001 - CONTROL NUMBER
control field C2-0324609
003 - CONTROL NUMBER IDENTIFIER
control field PPAK
005 - DATE AND TIME OF LATEST TRANSACTION
control field 20180728122940.0
008 - FIXED-LENGTH DATA ELEMENTS--GENERAL INFORMATION
fixed length control field 131216s2013 my a|||| ||||| | may d
020 ## - INTERNATIONAL STANDARD BOOK NUMBER
International Standard Book Number 9789674301910
040 ## - CATALOGING SOURCE
Original cataloging agency PPAK
Language of cataloging eng
Transcribing agency PPAK
Description conventions rda
082 04 - DEWEY DECIMAL CLASSIFICATION NUMBER
Classification number 398.2
Edition number 23
090 00 - LOCALLY ASSIGNED LC-TYPE CALL NUMBER (OCLC); LOCAL CALL NUMBER (RLIN)
Classification number (OCLC) (R) ; Classification number, CALL (RLIN) (NR) 398.2
Feature heading ZAI
Feature heading K
100 0# - MAIN ENTRY--PERSONAL NAME
Personal name Zainun Mustapha,
Relator term author
245 10 - TITLE STATEMENT
Title Ratu yang berani
264 #1 - PRODUCTION, PUBLICATION, DISTRIBUTION, MANUFACTURE, AND COPYRIGHT NOTICE
Place of production, publication, distribution, manufacture Wangsa Maju, Kuala Lumpur :
Name of producer, publisher, distributor, manufacturer Institut Terjemahan & Buku Malaysia ,
Date of production, publication, distribution, manufacture, or copyright notice 2013
300 ## - PHYSICAL DESCRIPTION
Extent 24 pages :
Other physical details colour illustrations ;
Dimensions 23 cm.
336 ## - CONTENT TYPE
Source rdacontent
Content type term text
337 ## - MEDIA TYPE
Source rdamedia
Media type term unmediated
338 ## - CARRIER TYPE
Source rdacarrier
Carrier type term volume
490 1# - SERIES STATEMENT
Series statement Siri didik ria
650 10 - SUBJECT ADDED ENTRY--TOPICAL TERM
Topical term or geographic name entry element Folk literature, Malay. ; Tales.
830 #0 - SERIES ADDED ENTRY--UNIFORM TITLE
Uniform title Siri didik ria
942 ## - ADDED ENTRY ELEMENTS (KOHA)
-- dc
Koha item type Book
Holdings
Withdrawn Not for loan Current library Shelving location Date acquired Full call number Barcode Date last seen Koha item type Total Checkouts Date last checked out Total Renewals
    Perpustakaan Alor Setar Pinjaman Kanak-kanak 24/12/2013 K 398.2 ZAI A01426994 09/05/2018 Book      
    Perpustakaan Alor Setar Pinjaman Kanak-kanak 24/12/2013 K 398.2 ZAI A01426995 21/03/2021 Book 2 07/03/2021  
    Perpustakaan Awam Sungai Petani Pinjaman Kanak-kanak 24/12/2013 K 398.2 ZAI A01426996 03/11/2025 Book 4 22/10/2025  
    Perpustakaan Baling Pinjaman Kanak-kanak 24/12/2013 K 398.2 ZAI A01427002 09/05/2018 Book      
    Perpustakaan Bandar Baharu Pinjaman Kanak-kanak 24/12/2013 K 398.2 ZAI A01427003 03/11/2022 Book 1 16/10/2022  
    Perpustakaan Jitra Pinjaman Kanak-kanak 24/12/2013 K 398.2 ZAI A01426997 11/12/2024 Book 3 20/11/2024 1
    Perpustakaan Kuala Nerang Pinjaman Kanak-kanak 24/12/2013 K 398.2 ZAI A01427004 09/05/2018 Book      
    Perpustakaan Kulim Pinjaman Kanak-kanak 24/12/2013 K 398.2 ZAI A01426999 08/06/2022 Book 2 10/05/2022  
    Perpustakaan Langkawi Pinjaman Kanak-kanak 24/12/2013 K 398.2 ZAI A01426998 09/01/2019 Book 1 26/12/2018  
    Perpustakaan Merbok Pinjaman Kanak-kanak 24/12/2013 K 398.2 ZAI A01427006 09/05/2018 Book      
    Perpustakaan Pendang Pinjaman Kanak-kanak 24/12/2013 K 398.2 ZAI A01427007 12/05/2019 Book 1 26/03/2019 1
    Perpustakaan Sik Pinjaman Kanak-kanak 24/12/2013 K 398.2 ZAI A01427001 15/07/2024 Book 3 09/06/2024  
    Perpustakaan Yan Pinjaman Kanak-kanak 24/12/2013 K 398.2 ZAI A01427000 09/05/2018 Book